Odpady Odborný časopis pro nakládání s odpady a životní prostředí

Guardado en:
Detalles Bibliográficos
Formato: Seriadas
Lenguaje:checo
Publicado: Praha Profi Press
Etiquetas: Agregar Etiqueta
Sin Etiquetas, Sea el primero en etiquetar este registro!

MARC

LEADER 00000nas1a2200000 4500
001 0306429
005 20250122142925.8
022 |a 1210-4922 
041 0 |a cze 
044 |a CZ 
245 1 0 |a Odpady  |b Odborný časopis pro nakládání s odpady a životní prostředí 
264 1 |a Praha  |b Profi Press